000 00538nam a2200181 4500
005 20250402160558.0
010 _aENG-144445
020 _a9789388322744
_c399.00
035 _aEN-127977
037 _bDBAD
082 _aS
100 _aKapadia, Payal
_980142
245 _aWoebegone's Warehouse of Words/
_cPayal Kapadia
260 _aGurugram
_bHachette Books Publishing
_c2024
270 _a4th and 5th Floor, Corporate Centre, Plot No.-94, Sector 44,
_bGurugram
_e122003
300 _a293p.
_c21cm(pb)
942 _2ddc
_cEN
_hS
_mKAP
999 _c210683
_d210683